Fate/Grand Order Servants by My Room Lines - Statistics

General Stats
  • This quiz has been taken 2 times
  • The average score is 4 of 17
Answer Stats
Hint Answer % Correct
Sir Bedivere!Whoa, you're the real thing... Huh? What happened to your arm? Technically you're a different person? What are you talking about??? Gareth
100%
You might have realized this already, but this is Indra's Vajra.Do you know how he wedged this into my mouth? Vritra
100%
Hey! I see a wonderful, pure, and lovely heroine Servant who is the incarnation of magnanimity.Wonderful. A regal blue Indian goddess outfit! Unlike SOME goddess of Venus, there's something unique and special in modesty. Honestly, that form is my ideal! BB
50%
Even if it's for the Grail, fighting day after day must be exhausting.Lord Mage, you must take some time to rest. Hassan of the Cursed Arm
50%
...You're very kind, Master.Or have I been deceived? Medusa (Rider)
50%
Once again I have appeared in this world to be with you here. What strange circumstances.Of course, the previous me and the me right now are both like shadows... But as a shadow, I shall do everything in my power to aid you. After all, I would like to personally see Koyanskaya's world shot off into the heavens. Hm? You can't wait to see that happen too, Master? That is grand! Fufu. Seems you and I will get along fine! Taigong Wang
50%
...Okay?We have no choice, let's huddle together, we can sleep Anne Bonny and Mary Read
0%
Whoo!That's some perseverance. Well done! Well then, maybe I'll rise to your expectations a little, Master! Anra Mainiiu
0%
Tie me up... Please, don't run away.Tie up my arms and legs so that they don't fall apart...! Baobhan Sith
0%
I am great! Once again: I am great! Draco
0%
Master, I'm hungry. I'd like to eat some delicious fruit. That Green Archer is here, right? Command him to prepare me something.Despite his appearance he can do almost anything. Elisabeth Bathory (Brave)
0%
Cat Habetrot
0%
What I dislike...I'm scared of anything bigger than me... Kingprotea
0%
Don't go...too far from me...If you get lost...I find...you... Larva Tiamat
0%
The closer the Master is to their Servant, the better the connection for magical energy supply between them will be.Therefore, the Master has no choice but to be on the front lines of battle... If only I could fight...like before... Mash Kyrielight
0%
What I like...Um, could it be something that I am good at? Then please leave all the breaking to me! Passionlip
0%
A doctor? Someone who takes care of those who suffer from the summer heat? Uh-huh. Does that mean there's room for us to overdo it a bit? That's good to know! Summer Ibuki Douji
0%
No matching quizzes found
Score Distribution
Percent of People with Each Score
Percentile by Number Answered
Your Score History
You have not taken this quiz